000 01089nam0a22002771 4500
001 rc\4233954
005 20260406114903.0
021 _aRU
_b[67-15784]
035 _a(NLR Aleph) 008227918
090 _a8197763
_c8197763
100 _a20130416d1967 |||y0rusy50 ca
101 0 _arus
102 _aRU
105 _ay z |||||
200 1 _a[Материалы]
_fАН Кирг. ССР. Объедин. научная сессия, посвящ. 40-летию Кирг. ССР и КП Киргизии. 12-14 окт. 1966 г. Пленарные заседания
210 _aФрунзе
_cИлим
_d1967
215 _a123 с.
_d22
300 _aНа пер. загл.: Юбилейный форум ученых Киргизии
517 0 _aЮбилейный форум ученых Киргизии
711 0 2 _aАН КиргССР
_bОбъединенная научная сессия
_cФрунзе
_f1966
_9295012
_3RU\NLR\AUTH\8811165
801 0 _aRU
_bNLR
_gpsbo
801 1 _aRU
_bELAR
_2rusmarc
852 _aNLR
_j67-5/1349
942 _cBOOK
980 _aNB